[Event "LSS No Engine Cup 29 Preliminary 5"]
[Site "LSS email"]
[Date "2010.10.13"]
[Round "?"]
[White "Garcia, Sergio"]
[Black "Bonoldi, Fabio"]
[Result "0-1"]
[WhiteElo "643"]
[BlackElo "1840"]
[PlyCount "70"]
[EventDate "2010.10.14"]
[EventType "tourn (corr)"]
[EventRounds "6"]
[EventCountry "GER"]
[SourceTitle "Telechess CBM 145"]
[Source "Chessbase"]
[SourceDate "2011.11.11"]
[SourceVersion "1"]
[SourceVersionDate "2011.11.11"]
[SourceQuality "1"]

1. c4 g6 2. Nc3 Bg7 3. g3 d6 4. Nf3 e5 5. d3 Nc6 6. Bg2 f5 7. e3 Nf6 8. 0-0 0-0 9. a3 Bd7 10. b4 Rb8 11. Rb1 Ne7 12. a4 c6 13. Qb3 Kh8 14. b5 Qc7 15. bxc6 bxc6 16. Qa2 Be6 17. Rxb8 Rxb8 18. Re1 d5 19. cxd5 Nexd5 20. Nxd5 Bxd5 21. Qc2 e4 22. dxe4 Nxe4 23. Nd4 Rb4 24. Bb2 Qb6 25. Rb1 a5 26. Bf1 Ba2 27. Nxc6 Bxb1 28. Bxg7+ Kxg7 29. Qc1 Rb2 30. Bb5 Rc2 31. Qxb1 Rxc6 32. Qa1+ Rc3 33. Bd3 Qf6 34. Bxe4 fxe4 35. Qb2 Rd3 0-1

[Event "LSS No Engine Cup 29 Preliminary 5"]
[Site "LSS email"]
[Date "2010.10.13"]
[Round "?"]
[White "Garcia, Sergio"]
[Black "Mezei, Zsolt"]
[Result "0-1"]
[WhiteElo "634"]
[BlackElo "1477"]
[PlyCount "62"]
[EventDate "2010.10.14"]
[EventType "tourn (corr)"]
[EventRounds "6"]
[EventCountry "GER"]
[SourceTitle "Telechess CBM 143"]
[Source "ChessBase"]
[SourceDate "2011.07.15"]
[SourceVersion "1"]
[SourceVersionDate "2011.07.15"]
[SourceQuality "1"]

1. c4 c5 2. Nc3 Nc6 3. e4 e5 4. Nf3 d6 5. g3 Bd7 6. Bg2 Nf6 7. 0-0 Be7 8. d3 0-0 9. Nd5 Nxd5 10. cxd5 Nd4 11. Nxd4 cxd4 12. f4 f6 13. f5 Qb6 14. a4 Rfc8 15. Qe1 Rc2 16. Rf2 Rac8 17. Rxc2 Rxc2 18. b4 Qc7 19. Bf3 Bxa4 20. Rxa4 Rxc1 21. Bd1 b5 22. Ra2 Rb1 23. Kg2 Qc1 24. Rd2 Qc3 25. Qf2 Qxb4 26. Bh5 a5 27. Rc2 a4 28. Rc8+ Bf8 29. Qc2 Rb2 30. Qxb2 Qxb2+ 31. Kh3 a3 0-1

[Event "LSS No Engine Cup 29 Preliminary 5"]
[Site "LSS email"]
[Date "2010.10.13"]
[Round "?"]
[White "Garcia, Sergio"]
[Black "Rose, Robert E"]
[Result "0-1"]
[WhiteElo "636"]
[BlackElo "859"]
[PlyCount "70"]
[EventDate "2010.10.14"]
[EventType "tourn (corr)"]
[EventRounds "6"]
[EventCountry "GER"]
[SourceTitle "Telechess CBM 143"]
[Source "ChessBase"]
[SourceDate "2011.07.15"]
[SourceVersion "1"]
[SourceVersionDate "2011.07.15"]
[SourceQuality "1"]

1. c4 Nf6 2. Nc3 g6 3. Nf3 Bg7 4. g3 0-0 5. Bg2 d6 6. d3 Nc6 7. 0-0 a6 8. Be3 Ng4 9. Qd2 Nxe3 10. Qxe3 e5 11. Nd5 Be6 12. a3 Bxd5 13. cxd5 Ne7 14. Nd2 Nf5 15. Qf3 Bh6 16. Rfd1 Nd4 17. Qg4 Bxd2 18. Rxd2 Nb3 19. Rdd1 Nxa1 20. Rxa1 f5 21. Qh3 Qf6 22. Rf1 Rae8 23. e4 Qg5 24. f4 exf4 25. Rxf4 fxe4 26. Rxf8+ Rxf8 27. dxe4 Qe5 28. Qe6+ Qxe6 29. dxe6 Re8 30. Bh3 Kg7 31. Kf2 Kf6 32. Ke3 h5 33. g4 hxg4 34. Bxg4 Rh8 35. h3 Ke5 0-1

[Event "LSS No Engine Cup 29 Preliminary 5"]
[Site "LSS email"]
[Date "2010.10.13"]
[Round "?"]
[White "Hokano, Juan Carlos"]
[Black "Garcia, Sergio"]
[Result "1-0"]
[WhiteElo "1393"]
[BlackElo "643"]
[PlyCount "91"]
[EventDate "2010.10.14"]
[EventType "tourn (corr)"]
[EventRounds "6"]
[EventCountry "GER"]
[SourceTitle "Telechess CBM 145"]
[Source "Chessbase"]
[SourceDate "2011.11.11"]
[SourceVersion "1"]
[SourceVersionDate "2011.11.11"]
[SourceQuality "1"]

1. d4 Nf6 2. c4 g6 3. Nc3 Bg7 4. e4 d6 5. Nf3 Nbd7 6. Bd3 0-0 7. 0-0 a6 8. Re1 e5 9. Be3 Re8 10. d5 c5 11. Qd2 Qc7 12. Bc2 Rb8 13. Ba4 Re7 14. Qe2 Nb6 15. Bc2 Bd7 16. a4 a5 17. Nb5 Bxb5 18. axb5 Ra8 19. Ra2 Nbd7 20. Rea1 b6 21. Nd2 Nh5 22. Qf3 Rf8 23. Nf1 Qc8 24. Bg5 Ree8 25. Ng3 Nxg3 26. Qxg3 Bf6 27. Be3 Bg7 28. Bd2 Nf6 29. h3 Nh5 30. Qf3 Qd8 31. Qg4 Nf6 32. Qh4 Qe7 33. Qg5 Nh5 34. Qxe7 Rxe7 35. Re1 Bh8 36. g4 Nf4 37. Kh2 g5 38. Rh1 h6 39. Kg3 f6 40. h4 gxh4+ 41. Rxh4 Rh7 42. Bxf4 exf4+ 43. Kxf4 Kf7 44. Ke3 Kg6 45. f4 h5 46. e5+ 1-0

[Event "CP-2010-P-00068"]
[Site "LSS email"]
[Date "2010.09.28"]
[Round "?"]
[White "Garcia, Sergio"]
[Black "Martucci, Massimo"]
[Result "0-1"]
[WhiteElo "635"]
[BlackElo "1906"]
[PlyCount "50"]
[EventDate "2010.10.01"]
[EventType "tourn (corr)"]
[EventRounds "6"]
[EventCountry "GER"]
[SourceTitle "Telechess CBM 143"]
[Source "ChessBase"]
[SourceDate "2011.07.15"]
[SourceVersion "1"]
[SourceVersionDate "2011.07.15"]
[SourceQuality "1"]

1. c4 c5 2. Nf3 Nf6 3. Nc3 Nc6 4. d3 d6 5. g3 g6 6. Bg2 Bg7 7. 0-0 0-0 8. a3 Bd7 9. Rb1 a5 10. Re1 Re8 11. Be3 Qc8 12. Qd2 Ng4 13. Nd5 Nxe3 14. Nb6 Qd8 15. Nxa8 Nxg2 16. Kxg2 Qxa8 17. e4 Qc8 18. Ng5 Bh6 19. h4 Bh3+ 20. Kh2 f6 21. f4 fxg5 22. fxg5 Ne5 23. Rf1 Bxf1 24. Rxf1 Rf8 25. Rxf8+ Bxf8 0-1

[Event "CP-2010-P-00068"]
[Site "LSS email"]
[Date "2010.09.28"]
[Round "?"]
[White "Gonzalez Morales, Eduardo Ivan"]
[Black "Garcia, Sergio"]
[Result "1-0"]
[WhiteElo "1497"]
[BlackElo "632"]
[PlyCount "41"]
[EventDate "2010.10.01"]
[EventType "tourn (corr)"]
[EventRounds "6"]
[EventCountry "GER"]
[SourceTitle "Telechess CBM 143"]
[Source "ChessBase"]
[SourceDate "2011.07.15"]
[SourceVersion "1"]
[SourceVersionDate "2011.07.15"]
[SourceQuality "1"]

1. Nc3 Nf6 2. d4 g6 3. e4 d6 4. Be3 Bg7 5. Qd2 0-0 6. 0-0-0 Nbd7 7. f3 a6 8. g4 b6 9. h4 c5 10. h5 cxd4 11. Bxd4 b5 12. hxg6 fxg6 13. Nh3 Bb7 14. Ng5 Qb8 15. Nxh7 Rc8 16. Nxf6+ Nxf6 17. g5 Nh5 18. Bh3 Bxd4 19. Qxd4 Rc4 20. Be6+ Kf8 21. Qh8# 1-0

[Event "LSS No Engine Cup 28 Preliminary 6"]
[Site "LSS email"]
[Date "2010.09.19"]
[Round "?"]
[White "Garcia, Sergio"]
[Black "Van Esbroeck, Jeff"]
[Result "1-0"]
[WhiteElo "643"]
[BlackElo "1576"]
[PlyCount "59"]
[EventDate "2010.09.20"]
[EventType "tourn (corr)"]
[EventRounds "6"]
[EventCountry "GER"]
[SourceTitle "Telechess CBM 143"]
[Source "ChessBase"]
[SourceDate "2011.07.15"]
[SourceVersion "1"]
[SourceVersionDate "2011.07.15"]
[SourceQuality "1"]

1. e4 c5 2. Nf3 Nc6 3. d4 cxd4 4. Nxd4 e5 5. Nxc6 bxc6 6. Nc3 Bb4 7. Bd2 Nf6 8. f3 Bxc3 9. Bxc3 d6 10. Qd2 0-0 11. 0-0-0 Ne8 12. Bxe5 Be6 13. Bxd6 Nxd6 14. Be2 Bc4 15. Bxc4 Nxc4 16. Qxd8 Raxd8 17. Rxd8 Rxd8 18. b3 Ne3 19. g4 g6 20. Kb2 Rd1 21. Rxd1 Nxd1+ 22. Ka3 Kf8 23. c4 Nc3 24. Kb4 Nxa2+ 25. Kc5 a5 26. Kxc6 Nb4+ 27. Kb5 Nd3 28. Kxa5 Ne1 29. f4 Nf3 30. Kb6 1-0

[Event "LSS No Engine Cup 28 Preliminary 6"]
[Site "LSS email"]
[Date "2010.09.19"]
[Round "?"]
[White "Kudryavtsev, Yaroslav Viktorovic"]
[Black "Garcia, Sergio"]
[Result "1-0"]
[WhiteElo "2025"]
[BlackElo "632"]
[PlyCount "87"]
[EventDate "2010.09.20"]
[EventType "tourn (corr)"]
[EventRounds "6"]
[EventCountry "GER"]
[SourceTitle "Telechess CBM 143"]
[Source "ChessBase"]
[SourceDate "2011.07.15"]
[SourceVersion "1"]
[SourceVersionDate "2011.07.15"]
[SourceQuality "1"]

1. e4 c5 2. Nf3 d6 3. d4 cxd4 4. Nxd4 Nf6 5. Nc3 g6 6. Be3 e5 7. Nf3 Bg7 8. Bc4 0-0 9. 0-0 Nc6 10. Qd2 Bg4 11. Ne1 a6 12. h3 Be6 13. Bd5 Bxd5 14. exd5 Ne7 15. a4 b5 16. axb5 axb5 17. Rxa8 Qxa8 18. Nxb5 Nexd5 19. c4 Nxe3 20. Qxe3 Qc6 21. b3 Qc5 22. Qf3 d5 23. Nd3 e4 24. Nxc5 exf3 25. gxf3 dxc4 26. bxc4 Rc8 27. Nd3 Rxc4 28. Ra1 Nd5 29. Ra8+ Bf8 30. Ne5 Kg7 31. Rd8 Rc5 32. Nd4 Nf4 33. Ndc6 Nxh3+ 34. Kh2 Nf4 35. Rd7 Kh6 36. Nxf7+ Kh5 37. Nce5 Rd5 38. Rb7 Bc5 39. Ng4 Rd2 40. Rb5 Ne6 41. Kg3 g5 42. Rb7 Nf4 43. Nfe5 Nd3 44. Rxh7# 1-0

[Event "LSS No Engine Cup 26 Preliminary 6"]
[Site "LSS email"]
[Date "2010.08.09"]
[Round "?"]
[White "Ausan, Leo Tito Jr"]
[Black "Garcia, Sergio"]
[Result "1-0"]
[WhiteElo "1061"]
[BlackElo "633"]
[PlyCount "49"]
[EventDate "2010.08.10"]
[EventType "tourn (corr)"]
[EventRounds "6"]
[EventCountry "GER"]
[SourceTitle "Telechess CBM 143"]
[Source "ChessBase"]
[SourceDate "2011.07.15"]
[SourceVersion "1"]
[SourceVersionDate "2011.07.15"]
[SourceQuality "1"]

1. e4 c5 2. Nf3 d6 3. d4 cxd4 4. Qxd4 Nc6 5. Bb5 Bd7 6. Bxc6 Bxc6 7. 0-0 e5 8. Qc4 Nf6 9. Ng5 Qc7 10. Nc3 h6 11. Nh3 0-0-0 12. f3 g5 13. Nf2 Ne8 14. Be3 a6 15. Qb3 Qd7 16. Bb6 Nc7 17. Ng4 Bg7 18. Ne3 h5 19. Nf5 Bh6 20. Rfd1 Qe6 21. Qxe6+ fxe6 22. Nxd6+ Rxd6 23. Rxd6 Nb5 24. Nxb5 axb5 25. Rad1 1-0

[Event "LSS No Engine Cup 26 Preliminary 6"]
[Site "LSS email"]
[Date "2010.08.09"]
[Round "?"]
[White "Garcia, Sergio"]
[Black "Loktayev, Vladislav"]
[Result "0-1"]
[WhiteElo "641"]
[BlackElo "1172"]
[PlyCount "76"]
[EventDate "2010.08.10"]
[EventType "tourn (corr)"]
[EventRounds "6"]
[EventCountry "GER"]
[SourceTitle "Telechess CBM 143"]
[Source "ChessBase"]
[SourceDate "2011.07.15"]
[SourceVersion "1"]
[SourceVersionDate "2011.07.15"]
[SourceQuality "1"]

1. e4 c5 2. Nf3 a6 3. d4 cxd4 4. Nxd4 Nf6 5. Nc3 e5 6. Nf5 d5 7. Bg5 Bxf5 8. exf5 d4 9. Ne4 Be7 10. Bxf6 Bxf6 11. Nxf6+ Qxf6 12. Bd3 Nc6 13. Qf3 0-0 14. 0-0 Rfe8 15. Qh5 e4 16. Bc4 Ne5 17. Bd5 Nc6 18. f4 d3 19. cxd3 Qd4+ 20. Rf2 Qxd5 21. dxe4 Qxe4 22. f6 Qg6 23. Qxg6 hxg6 24. fxg7 Kxg7 25. f5 g5 26. g4 f6 27. Rd1 Ne5 28. h3 Rad8 29. Rxd8 Rxd8 30. b4 Rd1+ 31. Rf1 Rxf1+ 32. Kxf1 Nd3 33. a3 Nf4 34. h4 gxh4 35. Kf2 Kh6 36. a4 Kg5 37. Kf3 b6 38. b5 a5 0-1

[Event "LSS No Engine Cup 26 Preliminary 6"]
[Site "LSS email"]
[Date "2010.08.09"]
[Round "?"]
[White "Potemri, Stefan"]
[Black "Garcia, Sergio"]
[Result "1-0"]
[WhiteElo "1365"]
[BlackElo "632"]
[PlyCount "37"]
[EventDate "2010.08.10"]
[EventType "tourn (corr)"]
[EventRounds "6"]
[EventCountry "GER"]
[SourceTitle "Telechess CBM 143"]
[Source "ChessBase"]
[SourceDate "2011.07.15"]
[SourceVersion "1"]
[SourceVersionDate "2011.07.15"]
[SourceQuality "1"]

1. e4 c5 2. Nf3 d6 3. d4 cxd4 4. Nxd4 Nf6 5. Nc3 e5 6. Nf3 Nc6 7. Bb5 Bd7 8. 0-0 Be7 9. Bg5 h6 10. Bxf6 Bxf6 11. Qxd6 Qe7 12. Qxe7+ Bxe7 13. Bxc6 Bxc6 14. Nxe5 0-0 15. Rad1 Rad8 16. f4 f5 17. Nxc6 Rxd1 18. Nxe7+ Kf7 19. Rxd1 1-0

[Event "SN-2010-0-00257"]
[Site "LSS email"]
[Date "2010.07.04"]
[Round "?"]
[White "Garcia, Sergio"]
[Black "Feng, Jason"]
[Result "0-1"]
[WhiteElo "643"]
[BlackElo "858"]
[PlyCount "30"]
[EventDate "2010.06.06"]
[EventType "tourn (corr)"]
[EventRounds "6"]
[EventCountry "GER"]
[SourceTitle "Corr 2015"]
[Source "ChessBase"]
[SourceDate "2015.07.17"]
[SourceVersion "1"]
[SourceVersionDate "2015.07.17"]
[SourceQuality "1"]

1. e4 e5 2. Nf3 Nc6 3. d4 exd4 4. Bc4 Nf6 5. e5 d5 6. exd6 Bxd6 7. 0-0 0-0 8. Nxd4 Nxd4 9. Qxd4 Bxh2+ 10. Kxh2 Qxd4 11. Bb3 Qh4+ 12. Kg1 Ng4 13. Bf4 Be6 14. Bxe6 fxe6 15. g3 Qh2# 0-1

[Event "SN-2010-0-00257"]
[Site "LSS email"]
[Date "2010.07.03"]
[Round "?"]
[White "Garcia, Sergio"]
[Black "Pehl, Ferenc"]
[Result "0-1"]
[WhiteElo "614"]
[BlackElo "904"]
[PlyCount "74"]
[EventDate "2010.06.06"]
[EventType "tourn (corr)"]
[EventRounds "6"]
[EventCountry "GER"]
[SourceTitle "Telechess CBM 143"]
[Source "ChessBase"]
[SourceDate "2011.07.15"]
[SourceVersion "1"]
[SourceVersionDate "2011.07.15"]
[SourceQuality "1"]

1. e4 e6 2. d4 d5 3. e5 c5 4. Nf3 Nc6 5. c3 Qb6 6. Bd3 cxd4 7. cxd4 Bd7 8. 0-0 Nxd4 9. Be3 Nxf3+ 10. Qxf3 Qxb2 11. Nd2 Qxe5 12. Rfe1 Qf6 13. Qxf6 Nxf6 14. Rab1 Bc6 15. Bd4 Be7 16. Bb5 Bxb5 17. Rxb5 b6 18. a4 0-0 19. Nf3 Nd7 20. Ne5 Nxe5 21. Bxe5 Rac8 22. a5 Rc5 23. Rxc5 Bxc5 24. axb6 axb6 25. g4 Ra8 26. Kg2 Ra2 27. Bg3 Kf8 28. h4 Ke7 29. h5 f6 30. Kh3 Bxf2 31. Bxf2 Rxf2 32. Rb1 Rc2 33. Rxb6 Rc7 34. Kh4 e5 35. g5 d4 36. gxf6+ gxf6 37. Kg4 d3 0-1

[Event "SN-2010-0-00257"]
[Site "LSS email"]
[Date "2010.07.03"]
[Round "?"]
[White "Jokmin, Guido"]
[Black "Garcia, Sergio"]
[Result "1-0"]
[WhiteElo "614"]
[BlackElo "614"]
[PlyCount "59"]
[EventDate "2010.06.06"]
[EventType "tourn (corr)"]
[EventRounds "6"]
[EventCountry "GER"]
[SourceTitle "Telechess CBM 143"]
[Source "ChessBase"]
[SourceDate "2011.07.15"]
[SourceVersion "1"]
[SourceVersionDate "2011.07.15"]
[SourceQuality "1"]

1. e4 c5 2. d4 cxd4 3. c3 dxc3 4. Nxc3 e5 5. Bc4 Nf6 6. Nf3 Nc6 7. 0-0 Bb4 8. Qe2 0-0 9. Rd1 a6 10. a3 Be7 11. Nd5 b5 12. Bb3 d6 13. a4 Bg4 14. h3 Bxf3 15. Qxf3 Nd4 16. Qe3 Nxb3 17. Qxb3 Nxd5 18. Qxd5 Kh8 19. axb5 axb5 20. Bd2 Rxa1 21. Rxa1 f5 22. exf5 h6 23. Qxb5 Kh7 24. Qd3 Kh8 25. Qd5 Kh7 26. Qe6 Rf6 27. Qd5 Rxf5 28. Qd3 Qb6 29. Qxf5+ g6 30. Qf7+ 1-0

[Event "LSS No Engine Cup 24 Preliminary 5"]
[Site "LSS email"]
[Date "2010.06.23"]
[Round "?"]
[White "Garcia, Sergio"]
[Black "Grabowski, Benedykt"]
[Result "0-1"]
[WhiteElo "664"]
[BlackElo "1879"]
[PlyCount "48"]
[EventDate "2010.06.24"]
[EventType "tourn (corr)"]
[EventRounds "6"]
[EventCountry "GER"]
[SourceTitle "Telechess CBM 143"]
[Source "ChessBase"]
[SourceDate "2011.07.15"]
[SourceVersion "1"]
[SourceVersionDate "2011.07.15"]
[SourceQuality "1"]

1. c4 e5 2. Nc3 Nf6 3. g3 Bb4 4. Bg2 0-0 5. d3 d5 6. cxd5 Nxd5 7. Bd2 Be6 8. Nf3 Nc6 9. 0-0 Be7 10. a3 f5 11. Qb3 Qd6 12. Rab1 Ne3 13. Qxb7 Nxf1 14. Kxf1 Rab8 15. Qa6 Rb6 16. Qa4 Bb3 17. Nb5 Bxa4 18. Nxd6 cxd6 19. h4 e4 20. dxe4 fxe4 21. Be3 Rb3 22. Nd4 Rxe3 23. f4 Nxd4 24. Re1 Rxg3 0-1

[Event "ZN-2010-0-01070"]
[Site "LSS email"]
[Date "2010.06.09"]
[Round "?"]
[White "Goti, Javier"]
[Black "Garcia, Sergio"]
[Result "1-0"]
[WhiteElo "663"]
[BlackElo "632"]
[PlyCount "65"]
[EventDate "2010.06.04"]
[EventType "match (corr)"]
[EventRounds "2"]
[EventCountry "GER"]
[SourceTitle "Telechess CBM 143"]
[Source "ChessBase"]
[SourceDate "2011.07.15"]
[SourceVersion "1"]
[SourceVersionDate "2011.07.15"]
[SourceQuality "1"]

1. e4 e5 2. Nf3 Nc6 3. Bb5 Nf6 4. Qe2 Bd6 5. c3 0-0 6. 0-0 a6 7. Ba4 b5 8. Bc2 Bb7 9. d3 h6 10. Nbd2 Ne7 11. Nb3 c5 12. Be3 Rc8 13. Rfd1 a5 14. a4 b4 15. Nxa5 Qxa5 16. Bb3 bxc3 17. bxc3 Qxc3 18. Rab1 Bc7 19. Rdc1 Qa5 20. Bxc5 Rfe8 21. Bc4 Kh7 22. Bxf7 Rf8 23. Qa2 Ba6 24. Bxe7 Bxd3 25. Ra1 Nxe4 26. Bxf8 Bb6 27. Rxc8 Bxf2+ 28. Kh1 Be3 29. Bg6+ Kxg6 30. Nh4+ Kg5 31. Be7+ Kh5 32. Qf7+ Kg4 33. Qf5# 1-0

[Event "LSS No Engine Cup 23 Preliminary 4"]
[Site "LSS email"]
[Date "2010.06.04"]
[Round "?"]
[White "Garcia, Sergio"]
[Black "Billion, Paul"]
[Result "0-1"]
[WhiteElo "664"]
[BlackElo "1210"]
[PlyCount "74"]
[EventDate "2010.06.05"]
[EventType "tourn (corr)"]
[EventRounds "6"]
[EventCountry "GER"]
[SourceTitle "Telechess CBM 143"]
[Source "ChessBase"]
[SourceDate "2011.07.15"]
[SourceVersion "1"]
[SourceVersionDate "2011.07.15"]
[SourceQuality "1"]

1. e4 d5 2. exd5 Qxd5 3. Nc3 Qd8 4. Nf3 Bg4 5. Be2 g6 6. d4 Bg7 7. 0-0 Nf6 8. Bg5 0-0 9. h3 Be6 10. Qd2 a6 11. Bh6 Nc6 12. Bxg7 Kxg7 13. Rad1 Nb4 14. a3 Nbd5 15. Nxd5 Bxd5 16. c4 Bc6 17. d5 Be8 18. Ng5 Qd6 19. f4 Rd8 20. b4 b6 21. f5 Ba4 22. Rc1 c6 23. fxg6 hxg6 24. Qd4 c5 25. Qh4 Rh8 26. bxc5 bxc5 27. Rxf6 exf6 28. Ne4 Rxh4 29. Nxd6 Rxd6 30. Kh2 Rd4 31. Kg3 Rd8 32. Kf3 Re8 33. g4 Rd2 34. Bf1 Bd1+ 35. Kg3 g5 36. Bg2 Re3+ 37. Kh2 Bf3 0-1

[Event "LSS No Engine Cup 23 Preliminary 4"]
[Site "LSS email"]
[Date "2010.06.04"]
[Round "?"]
[White "Garcia, Sergio"]
[Black "Kerecsenyi, Zoltan"]
[Result "0-1"]
[WhiteElo "637"]
[BlackElo "1569"]
[PlyCount "58"]
[EventDate "2010.06.05"]
[EventType "tourn (corr)"]
[EventRounds "6"]
[EventCountry "GER"]
[SourceTitle "Telechess CBM 147"]
[Source "ChessBase"]
[SourceDate "2012.03.16"]
[SourceVersion "1"]
[SourceVersionDate "2012.03.16"]
[SourceQuality "1"]

1. e4 c5 2. Nf3 d6 3. d4 cxd4 4. Nxd4 Nf6 5. Nc3 a6 6. Be2 e5 7. Nb3 Be6 8. Bg5 Be7 9. 0-0 Nc6 10. Bxf6 Bxf6 11. Nd5 Bxd5 12. Qxd5 Qc7 13. a3 0-0 14. c3 b5 15. f4 Ne7 16. Qd2 Rad8 17. Rad1 exf4 18. Rxf4 Be5 19. Rg4 d5 20. Nd4 dxe4 21. Rxe4 Bxh2+ 22. Kh1 Rd6 23. Rh4 Bg3 24. Rg4 Rf6 25. Rxg7+ Kxg7 26. Qg5+ Ng6 27. Nf5+ Rxf5 28. Qxf5 Qe7 29. Qf3 Qh4+ 0-1

[Event "LSS No Engine Cup 20 Preliminary 6"]
[Site "LSS email"]
[Date "2010.04.05"]
[Round "?"]
[White "Sherwood, Russell"]
[Black "Garcia, Sergio"]
[Result "1-0"]
[WhiteElo "1716"]
[BlackElo "685"]
[PlyCount "39"]
[EventDate "2010.04.06"]
[EventType "tourn (corr)"]
[EventRounds "6"]
[EventCountry "GER"]
[SourceTitle "Corr 2013"]
[Source "ChessBase"]
[SourceDate "2012.11.12"]
[SourceVersion "1"]
[SourceVersionDate "2012.11.12"]
[SourceQuality "1"]

1. e4 c5 2. Nf3 d6 3. d4 cxd4 4. Nxd4 e5 5. Bb5+ Bd7 6. Bxd7+ Qxd7 7. Nf3 Nf6 8. Nc3 Be7 9. Bg5 h6 10. Bxf6 Bxf6 11. Qd3 Nc6 12. 0-0 a6 13. Rad1 0-0-0 14. Nd5 Qe6 15. Nd2 h5 16. Nc4 g5 17. Qe3 Rh6 18. Rd3 h4 19. Qb6 h3 20. Qc7# 1-0

[Event "LSS No Engine Cup 17 Preliminary 4"]
[Site "LSS email"]
[Date "2010.02.21"]
[Round "?"]
[White "Bonoldi, Fabio"]
[Black "Garcia, Sergio"]
[Result "1-0"]
[WhiteElo "1921"]
[BlackElo "678"]
[PlyCount "69"]
[EventDate "2010.02.22"]
[EventType "tourn (corr)"]
[EventRounds "6"]
[EventCountry "GER"]
[SourceTitle "Telechess CBM 141"]
[Source "ChessBase"]
[SourceDate "2011.03.17"]
[SourceVersion "1"]
[SourceVersionDate "2011.03.17"]
[SourceQuality "1"]

1. b4 e5 2. Bb2 f6 3. a3 d5 4. e3 a6 5. c4 Be6 6. cxd5 Bxd5 7. Nc3 Nc6 8. Nxd5 Qxd5 9. Nf3 0-0-0 10. Qc2 e4 11. Bc4 Qd6 12. Qxe4 Nh6 13. 0-0 g5 14. Qe6+ Qxe6 15. Bxe6+ Kb8 16. Bxf6 Rd6 17. Bxh8 Rxe6 18. Nxg5 Rg6 19. f4 Bg7 20. Bxg7 Rxg7 21. Rac1 Nf5 22. Rc5 Nd6 23. Ne6 Rd7 24. d4 Ne7 25. Nf8 Rd8 26. Nxh7 b6 27. Re5 Nef5 28. Nf6 Kb7 29. g4 Ng7 30. Re7 Nge8 31. Nxe8 Nxe8 32. g5 Kc6 33. f5 Kd6 34. Re6+ Kd7 35. Re5 1-0

[Event "LSS No Engine Cup 17 Preliminary 4"]
[Site "LSS email"]
[Date "2010.02.21"]
[Round "?"]
[White "Lonyuk, Bohdan"]
[Black "Garcia, Sergio"]
[Result "0-1"]
[WhiteElo "1216"]
[BlackElo "678"]
[PlyCount "72"]
[EventDate "2010.02.22"]
[EventType "tourn (corr)"]
[EventRounds "6"]
[EventCountry "GER"]
[SourceTitle "Corr 2013"]
[Source "ChessBase"]
[SourceDate "2012.11.12"]
[SourceVersion "1"]
[SourceVersionDate "2012.11.12"]
[SourceQuality "1"]

1. c4 e5 2. Nc3 Nf6 3. Nf3 Nc6 4. g3 Bb4 5. Bg2 0-0 6. 0-0 Re8 7. Nd5 Nxd5 8. cxd5 Na5 9. d3 b5 10. a3 Bd6 11. b4 Nb7 12. e4 c5 13. Rb1 cxb4 14. axb4 a5 15. bxa5 Nxa5 16. Rxb5 Bc7 17. d4 Ba6 18. Rc5 Bxf1 19. Bxf1 exd4 20. Nxd4 Rxe4 21. Nf5 d6 22. Rb5 g6 23. Ne3 Rb8 24. Rxb8 Qxb8 25. Bg2 Rb4 26. Bf1 Nb3 27. Ba3 Ra4 28. Nc4 f5 29. Nxd6 Bxd6 30. Bxd6 Qxd6 31. Qxb3 Qb4 32. Qe3 Qe4 33. Qc5 Qd4 34. Qc8+ Kg7 35. Qd7+ Kh6 36. d6 Ra2 0-1

[Event "LSS BI-2009-F-00014"]
[Site "LSS email"]
[Date "2010.02.15"]
[Round "?"]
[White "Ausan, Leo Tito Jr"]
[Black "Garcia, Sergio"]
[Result "1-0"]
[WhiteElo "1159"]
[BlackElo "694"]
[PlyCount "53"]
[EventDate "2010.02.17"]
[EventType "tourn (corr)"]
[EventRounds "10"]
[EventCountry "GER"]
[SourceTitle "Corr 2013"]
[Source "ChessBase"]
[SourceDate "2012.11.12"]
[SourceVersion "1"]
[SourceVersionDate "2012.11.12"]
[SourceQuality "1"]

1. e4 c5 2. Nf3 Nc6 3. Bb5 d6 4. 0-0 Bd7 5. d4 cxd4 6. Nxd4 Nxd4 7. Bxd7+ Qxd7 8. Qxd4 e5 9. Qd3 Nf6 10. c4 Be7 11. Nc3 0-0 12. f4 Rfd8 13. f5 a6 14. Bg5 Rab8 15. Rad1 b5 16. c5 Rb7 17. Qf3 h6 18. cxd6 hxg5 19. dxe7 Qxe7 20. Qe3 Rxd1 21. Rxd1 Nd7 22. Kh1 f6 23. Nd5 Qc5 24. Qf3 Qc2 25. Qh5 Nc5 26. Nxf6+ gxf6 27. Rd8+ 1-0

[Event "LSS BI-2009-F-00014"]
[Site "LSS email"]
[Date "2010.02.15"]
[Round "?"]
[White "Garcia, Sergio"]
[Black "Bester, Kazimierz"]
[Result "1/2-1/2"]
[WhiteElo "695"]
[BlackElo "741"]
[PlyCount "111"]
[EventDate "2010.02.17"]
[EventType "tourn (corr)"]
[EventRounds "10"]
[EventCountry "GER"]
[SourceTitle "Corr 2013"]
[Source "ChessBase"]
[SourceDate "2012.11.12"]
[SourceVersion "1"]
[SourceVersionDate "2012.11.12"]
[SourceQuality "1"]

1. c4 Nf6 2. Nc3 c6 3. Nf3 g6 4. g3 Bg7 5. Bg2 0-0 6. d3 e6 7. 0-0 d5 8. cxd5 cxd5 9. Bg5 Nc6 10. a3 Qa5 11. b4 Qd8 12. Re1 a6 13. Rb1 b5 14. a4 Qb6 15. axb5 axb5 16. Qb3 Rb8 17. Ra1 Nd7 18. Ra3 f5 19. Rea1 Bb7 20. Be3 Nd4 21. Nxd4 Bxd4 22. Bxd4 Qxd4 23. Nxb5 Qf6 24. Nd6 Bc6 25. Qc3 Qxc3 26. Rxc3 Ba8 27. b5 d4 28. Rc7 Bxg2 29. Kxg2 Nf6 30. Raa7 Rbd8 31. Nf7 Rc8 32. Rxc8 Rxc8 33. b6 Rb8 34. b7 Kxf7 35. f4 h5 36. Kf3 Nd5 37. h4 Kf6 38. Ra4 Rxb7 39. Rxd4 Rb2 40. e4 fxe4+ 41. dxe4 Rb3+ 42. Kf2 Nc3 43. Kg2 Rb2+ 44. Kf3 Rb5 45. g4 hxg4+ 46. Kxg4 Ne2 47. Rd2 Nc3 48. e5+ Ke7 49. Rc2 Nd5 50. Kg5 Kf7 51. Rc4 Rb4 52. Rxb4 Nxb4 53. h5 gxh5 54. Kxh5 Nd5 55. Kg5 Ne7 56. Kg4 1/2-1/2